Sports Quiz

Random Sports or Baseball Quiz

Fewest Homers In Best Year. 400 HR Club. Quiz Stats

 Plays Quiz not verified by Sporcle

Score 0/20 Timer 05:00
0 Plays Today
Career HRs Player % Correct
521Ted Williams
72.9%
426Billy Williams
72.7%
521Frank Thomas
67.4%
555Manny Ramirez
64.4%
504Eddie Murray
61.9%
511Mel Ott
57.8%
509Gary Sheffield
53.3%
493Fred McGriff
52%
431Cal Ripken Jr.
50.5%
521Willie McCovey
50.4%
Career HRs Player % Correct
475Stan Musial
47.2%
436Chipper Jones
44.9%
452Carl Yastrzemski
42.7%
427Mike Piazza
36%
473Carlos Delgado
35.8%
465Dave Winfield
33.2%
414Darrell Evans
31.4%
407Duke Snider
31%
415Jason Giambi
24.7%
436Vladimir Guerrero
24.7%

You're not logged in!

Compare scores with friends on all Sporcle quizzes.
OR
Log In

Show Comments

Extras

Top Quizzes Today


Score Distribution

Your Account Isn't Verified!

In order to create a playlist on Sporcle, you need to verify the email address you used during registration. Go to your Sporcle Settings to finish the process.

Report this User

Report this user for behavior that violates our Community Guidelines.

Details: